| 000 | 00568nam a2200193Ia 4500 | ||
|---|---|---|---|
| 005 | 20250508153342.0 | ||
| 008 | 008 250505s9999 xx 000 0 eng d | ||
| 037 | _aTextual | ||
| 040 |
_aFEDL _beng _cFEDL |
||
| 041 |
_aeng _2eng |
||
| 084 |
_a379.43, LAN _qFEDL |
||
| 100 |
_aLange Walther _9763749 |
||
| 245 | 0 | _aDie laufbahnen der techniker : Im deutschen reiche, in den dundesstaaten, in der scheweiz und in ostreich | |
| 260 | _c1909 | ||
| 300 | _a436p. | ||
| 546 | _aWeeded out | ||
| 942 |
_cTEXL _h379.43, LAN |
||
| 999 |
_c1342213 _d1342213 |
||